| 000 | 00483nam a22001697a 4500 | ||
|---|---|---|---|
| 003 | SISC | ||
| 005 | 20190620084828.0 | ||
| 008 | 140221t xxu||||| |||| 00| 0 eng d | ||
| 020 | _a9710812203 | ||
| 050 |
_aQC 37 _b.W582 1979 |
||
| 100 |
_aWhite, Marsh _930525 |
||
| 245 |
_aExperimental college physics : _ba laboratory manual / _cMarsh White. |
||
| 260 |
_aNew York : _bMcGRAW-HILL Book Company, _c1979. |
||
| 300 |
_a347 p. : _bill. ; _c24 cm. |
||
| 942 |
_2lcc _cBK |
||
| 999 |
_c42300 _d42300 |
||